000 00763nam a2200217 a 4500
003 DO-SdBNP
005 20221102100537.0
007 ta
008 221101e2022 dr ao||gr|||| 001 e spa d
020 _a9789945505191
040 _aDO-SdBNP
_bspa
_cBNPHU
082 4 _222
_bG633p
245 1 3 _aLa perseverancia y adultez de un adolescente:
_bcasos de la vida real sobrenatural. /
_cVíctor Hugo Gómez
260 4 _aBonao, Moseñor Nouel :
_bCentenario,
_c2022
300 _a198 p. :
_bil., fotograf. ;
_c23 cm.
650 4 _913687
_aAutobiografías
_zRepública Dominicana
650 4 _939701
_aLiteratura en Prosa
_zRepública Dominicana
650 4 _974769
_aPotencial de Crecimiento
_vautobiografía
_xRepública Dominicana
910 _aMfeliz
942 _2ddc
_cLBS1
999 _c52716
_d52716